| 000 | 01270nam a2200373 a 4500 | ||
|---|---|---|---|
| 001 | 000110427 | ||
| 003 | CHAP | ||
| 005 | 20220329144132.0 | ||
| 008 | 140827s2006 mx a |r| |||||||spa d | ||
| 010 | _a106889 | ||
| 011 | _a107861 | ||
| 020 | _a9707530235 | ||
| 040 | _cCHAP | ||
| 090 | _aFolleto 18444 | ||
| 100 | 1 |
_aGarcía Zúñiga, Antonio _9127990 |
|
| 245 | 1 | 0 |
_aMochó / _cpor Antonio García Zúñiga y Bruma Ríos Mendoza. |
| 260 |
_aMéxico, D. F. : _bComisión Nacional para el Desarrollo de los Pueblos Indígenas, _c2006. |
||
| 300 |
_a47 p. : _bil. |
||
| 490 | 0 | _aPueblos Indígenas del México Contemporáneo | |
| 590 |
_aBATCH-UPD _b05 _c20140827 _lUCH01 _h1109 |
||
| 590 |
_aBATCH-UPD _b05 _c20140827 _lUCH01 _h1219 |
||
| 590 |
_aE5765TAJ _b05 _c20140827 _lUCH01 _h1108 |
||
| 590 |
_aE5765TAJ _b05 _c20140827 _lUCH01 _h1218 |
||
| 650 | 1 | 4 |
_aIndios de Chiapas _xMochó. _9127984 |
| 650 | 1 | 4 |
_aMochó _xHistoria. _9127989 |
| 650 | 1 | 4 |
_aMochó _xOrganización social. _9127986 |
| 650 | 1 | 4 |
_aMochó _xReligión y mitología. _9127987 |
| 650 | 1 | 4 |
_aMochó _xVida social y costumbres. _9127985 |
| 700 | 1 |
_aRíos Mendoza, Bruma _9127991 |
|
| 830 | 0 |
_aPueblos Indígenas del México Contemporáneo _992892 |
|
| 901 | _aBK | ||
| 942 | _cFOLL | ||
| 942 | _n0 | ||
| 999 |
_c106889 _d106889 |
||